Top 10 des pays d'Europe les plus médaillés des Jeux Olympiques - Statistiques

Statistiques générales
  • Ce quiz a été pris 86 fois
  • Le résultat moyen est 8 sur 10
Statistiques - réponses
Pays Nombre de médailles % Correct
Allemagne 955
100%
France 953
100%
Grande Bretagne 1015
97%
Italie 799
95%
Suède 690
91%
Russie 544
90%
Norvège 576
82%
Union Soviétique 1204
63%
Hongrie 540
58%
Allemagne de l'Est 519
40%
Aucun quiz correspondant
Distribution des résultats
% des personnes avec chaque résultat
Percentile par nombre de réponses
Votre historique - résultats
Vous n’avez pas pris ce quiz